Wypełnij mapę świata poprzez zgadywanie flag - Statystyki

Ogólne statystyki
  • Ten quiz został rozwiązany 24 488 razy
  • Średni wynik to 96 z 196
Odpowiedzi na mapie
Odpowiedzi zakodowano w zielono-czerwonej skali na mapie do tego quizu, zgodnie z poniższymi procentami.
 
Statystyki odpowiedzi
Flaga Państwo % Poprawnych
Kanada
99%
Hiszpania
86%
Albania
84%
Cypr
84%
Watykan
81%
Arabia Saudyjska
80%
Argentyna
79%
Słowacja
79%
Indie
77%
San Marino
77%
Chiny
76%
Chorwacja
76%
Kosowo
76%
Portugalia
76%
Egipt
75%
Izrael
74%
Meksyk
74%
Serbia
73%
Japonia
72%
Brazylia
71%
Korea Południowa
71%
Stany Zjednoczone
71%
Turcja
71%
Polska
70%
Czechy
69%
Grecja
69%
Liban
69%
Rosja
69%
Szwajcaria
69%
Szwecja
69%
Wielka Brytania
69%
Finlandia
68%
Niemcy
68%
Norwegia
68%
Ukraina
68%
Belgia
67%
Bośnia i Hercegowina
67%
Francja
67%
Dania
66%
Białoruś
65%
Estonia
65%
Iran
65%
Kenia
65%
Korea Północna
65%
Macedonia Północna
65%
Włochy
65%
Australia
64%
Islandia
64%
Austria
63%
Gruzja
63%
Indonezja
63%
Irak
63%
Irlandia
63%
Czarnogóra
62%
Holandia
62%
Kazachstan
62%
Monako
62%
Słowenia
62%
Chile
61%
Katar
61%
Litwa
61%
Łotwa
61%
Mołdawia
61%
Republika Południowej Afryki
61%
Rumunia
61%
Urugwaj
61%
Wietnam
61%
Bułgaria
60%
Dominikana
60%
Jamajka
60%
Malta
60%
Maroko
60%
Bhutan
59%
Nowa Zelandia
59%
Tunezja
58%
Węgry
58%
Wenezuela
58%
Andora
57%
Ekwador
57%
Kambodża
57%
Nepal
57%
Kolumbia
56%
Luksemburg
56%
Nigeria
55%
Syria
55%
Algieria
54%
Liechtenstein
54%
Pakistan
54%
Sri Lanka
54%
Bangladesz
53%
Angola
52%
Kuba
52%
Panama
52%
Barbados
50%
Armenia
49%
Filipiny
49%
Senegal
49%
Tajlandia
49%
Azerbejdżan
48%
Kamerun
48%
Peru
48%
Somalia
48%
Malezja
47%
Paragwaj
47%
Singapur
47%
Uganda
47%
Wybrzeże Kości Słoniowej
47%
Etiopia
46%
Mongolia
45%
Ghana
44%
Haiti
44%
Afganistan
43%
Honduras
43%
Kirgistan
43%
Czad
42%
Seszele
42%
Bahrajn
41%
Kostaryka
41%
Laos
41%
Niger
41%
Tajwan
40%
Dominika
39%
Madagaskar
39%
Papua-Nowa Gwinea
39%
Demokratyczna Republika Konga
38%
Salwador
38%
Turkmenistan
38%
Zjednoczone Emiraty Arabskie
38%
Boliwia
37%
Brunei
37%
Eswatini
37%
Nikaragua
37%
Uzbekistan
37%
Burkina Faso
36%
Gwatemala
36%
Liberia
36%
Tadżykistan
36%
Botswana
35%
Zambia
35%
Belize
34%
Fidżi
34%
Jordania
34%
Libia
34%
Mjanma
34%
Jemen
33%
Lesotho
33%
Mikronezja
33%
Oman
33%
Saint Lucia
33%
Erytrea
32%
Gabon
32%
Kiribati
32%
Kuwejt
32%
Malediwy
32%
Tanzania
32%
Mozambik
31%
Palau
31%
Trynidad i Tobago
31%
Mauretania
30%
Bahamy
29%
Benin
29%
Burundi
29%
Mali
29%
Republika Środkowoafrykańska
29%
Surinam
29%
Republika Zielonego Przylądka
28%
Togo
28%
Nauru
27%
Saint Vincent i Grenadyny
27%
Sudan
27%
Wyspy Marshalla
27%
Zimbabwe
27%
Antigua i Barbuda
26%
Tonga
26%
Gwinea Równikowa
25%
Malawi
25%
Sudan Południowy
25%
Timor Wschodni
25%
Grenada
24%
Komory
24%
Gujana
23%
Kongo
23%
Sierra Leone
23%
Tuvalu
23%
Dżibuti
22%
Gambia
22%
Mauritius
22%
Namibia
22%
Rwanda
22%
Samoa
22%
Wyspy Świętego Tomasza i Książeca
22%
Gwinea
21%
Gwinea Bissau
20%
Saint Kitts i Nevis
20%
Vanuatu
20%
Wyspy Salomona
19%
Nie znaleziono quizów pasujących do podanych kryteriów
Rozkład punktacji
Procent ludzi z każdym wynikiem
Percentyl według liczby udzielonych odpowiedzi
Twoja historia wyników
Nie rozwiązałeś tego quizu